01190njm a2200277Ia 450000100060000000300090000600500170001500800410003204000130007304000130008604100130009910000160011210000180012810000380014624500340018425000110021826000090022926000790023830000100031730000290032750001130035650502520046965000510072170000800077270000600085224084IT-RoPAU20220918181143.0131025s9999 xx 000 0 und d aIT-RoPAU cIT-RoPAU aITALIANO aCento Giosy eAutore musica gCodice autore musica SPICS: 10822 aAttendi in linea ti passo Dio a1a ed. aROMA bEP - MUSICALI E DISCOGRAFICHEc1983 [1a Ed.:1983 - Ed. Lingua Orig.: 1983] aDISCO c39 minuti (Testo: pag.) aCanzone religiosa. Canti per l'itinerario di fede dei ragazzi proposto dal Catechismo "Vi ho chiamati amici" aNati sui prati di oggi - Di chi son figlio io? - Occhi di poeta - Mi sono svegliato e... - Chiara e Francesco - Chiesa di mattoni - Notte di Pasqua - Noi abbiamo creduto all'amore - Nuova terra nascerà - Giorno di Pentecoste - Canto per Jahvè. aRELIGIOSO [DISCHI]eCodice MATERIA SPICS: 9950 aCento GiosyeAutore testo e musicagCodice autore testo/musica SPICS: 10822 aCento GiosygCodice interprete SPICS: 10822eInterprete